| 000 | 00000nam 22000008i 4500 |
| 001 | 9.890665 |
| 003 | CaOODSP |
| 005 | 20221107172650 |
| 006 | m o d f |
| 007 | cr cn||||||||| |
| 008 | 200819t20202020onc ob f000 0 eng d |
| 020 | |a9780660358345 |
| 040 | |aCaOODSP|beng|erda|cCaOODSP |
| 043 | |an-cn--- |
| 086 | 1 |aA118-10/14-2018E-PDF |
| 245 | 00|aCrop profile for sweet corn in Canada, 2018 / |cprepared by: Pest Management Program, Agriculture and Agri-Food Canada. |
| 250 | |aFourth edition |
| 264 | 1|aOttawa, ON : |bAgriculture and Agri-Food Canada = Agriculture et agroalimentaire Canada, |c2020. |
| 264 | 4|c©2020 |
| 300 | |a1 online resource (49 pages) |
| 336 | |atext|btxt|2rdacontent |
| 337 | |acomputer|bc|2rdamedia |
| 338 | |aonline resource|bcr|2rdacarrier |
| 500 | |aIssued also in French under title: Profil de la culture du maïs sucré au Canada, 2018. |
| 500 | |aCover title. |
| 504 | |aIncludes bibliographical references (pages 47-49). |
| 520 | |a"Harvested sweet corn is purchased by consumers in four markets: fresh, baby corn (often frozen), frozen and canned. While sweet corn is commonly available in late summer and early fall as a fresh product the majority of production is used for processing as a frozen or canned product. Baby corn, which is hand harvested two days after the silks appear, makes up a small portion of sweet corn sales. Sweet corn is also made into breakfast cereals, breads, snack foods and corn syrup and can be used to make bourbon or whisky"--Industry overview, page 1. |
| 650 | 0|aSweet corn|xDiseases and pests|xControl|zCanada. |
| 710 | 1 |aCanada. |bAgriculture and Agri-Food Canada, |eissuing body. |
| 710 | 2 |aPest Management Centre (Canada), |eissuing body. |
| 775 | 08|tProfil de la culture du maïs sucré au Canada, 2018 / |w(CaOODSP)9.890666 |
| 794 | |tCrop profile for sweet corn in Canada, 2021 / |w(CaOODSP)9.908266 |
| 795 | |tCrop profile for sweet corn in Canada, 2015 |bThird edition|w(CaOODSP)9.851078 |
| 856 | 40|qPDF|s2.33 MB|uhttps://publications.gc.ca/collections/collection_2020/aac-aafc/A118-10-14-2018-eng.pdf |
| 986 | |a13042E |